| 000 | 00913pam a2200301 a 4500 | ||
|---|---|---|---|
| 001 | 013552612 | ||
| 003 | OSt | ||
| 005 | 20140109141529.0 | ||
| 008 | 060628s2007 xxk frb f001 0 eng | ||
| 020 | _a9780521871723 (hbk.) | ||
| 020 | _a0521871727 (hbk.) | ||
| 020 | _a9780521692694 (pbk.) | ||
| 020 | _a0521692695 (pbk.) | ||
| 040 |
_aStDuBDS _beng _cStDuBDS _dUk |
||
| 082 | 0 | 4 |
_a005.133 _222 _bHUT |
| 100 | 1 |
_aHutton, Graham, _d1968- _934805 |
|
| 245 | 1 | 0 |
_aProgramming in Haskell / _cGraham Hutton. |
| 250 | _a1st ed. | ||
| 260 |
_aCambridge, United Kingdom : _bCambridge University Press, _c2007. |
||
| 300 |
_axii, 171 p. ; _c25 cm. |
||
| 500 | _aIndex : p. 169-171. | ||
| 500 | _aInclude appendix. | ||
| 504 | _aBibliography : p. 167-168. | ||
| 650 | 0 |
_aHaskell (Computer program language) _934806 |
|
| 653 |
_bEle _cJanuary2014 |
||
| 655 |
_vreading book _934232 |
||
| 942 |
_2ddc _cBB _k005.133 HUT |
||
| 999 |
_c17908 _d17880 |
||